<?xml version="1.0" encoding="UTF-8"?>
<record
    xmlns:xsi="http://www.w3.org/2001/XMLSchema-instance"
    xsi:schemaLocation="http://www.loc.gov/MARC21/slim http://www.loc.gov/standards/marcxml/schema/MARC21slim.xsd"
    xmlns="http://www.loc.gov/MARC21/slim">

  <leader>01782nam a2200265 a 4500</leader>
  <controlfield tag="001">000046218</controlfield>
  <controlfield tag="005">20240306073903.0</controlfield>
  <controlfield tag="008">150130s1998    dr ac         000 0 spa d</controlfield>
  <datafield tag="020" ind1=" " ind2=" ">
    <subfield code="a">8482610988 (v. 1)</subfield>
  </datafield>
  <datafield tag="020" ind1=" " ind2=" ">
    <subfield code="a">8482610996 (v. 2)</subfield>
  </datafield>
  <datafield tag="040" ind1=" " ind2=" ">
    <subfield code="a">DO-SdBNP</subfield>
    <subfield code="b">spa</subfield>
    <subfield code="c">BNPHU</subfield>
  </datafield>
  <datafield tag="082" ind1=" " ind2=" ">
    <subfield code="a">xxxx</subfield>
    <subfield code="b">xxxx</subfield>
  </datafield>
  <datafield tag="100" ind1="1" ind2=" ">
    <subfield code="a">Molina Moloon, Andr&#xE9;s</subfield>
    <subfield code="9">6595</subfield>
  </datafield>
  <datafield tag="245" ind1="1" ind2="0">
    <subfield code="a">Matem&#xE1;ticas :</subfield>
    <subfield code="b">educaci&#xF3;n media /</subfield>
    <subfield code="c">Andr&#xE9;s Molina Moloon, David Alvarado ; direcci&#xF3;n editorial Obdulia Garc&#xED;a de Escobar ; ilustraciones Ruddy N&#xFA;&#xF1;ez.</subfield>
  </datafield>
  <datafield tag="260" ind1=" " ind2=" ">
    <subfield code="a">Santo Domingo :</subfield>
    <subfield code="b">Santillana,</subfield>
    <subfield code="c">1998.</subfield>
  </datafield>
  <datafield tag="300" ind1=" " ind2=" ">
    <subfield code="a">4 v :</subfield>
    <subfield code="b">il., retrs. ;</subfield>
    <subfield code="c">28 cm.</subfield>
  </datafield>
  <datafield tag="500" ind1=" " ind2=" ">
    <subfield code="a">La biblioteca solamente posee el volumen 1 y 2 y el cuaderno de trabajo del volumen 1.</subfield>
  </datafield>
  <datafield tag="500" ind1=" " ind2=" ">
    <subfield code="a">Incluye cuaderno de trabajo.</subfield>
  </datafield>
  <datafield tag="500" ind1=" " ind2=" ">
    <subfield code="a">educaci&#xF3;n media</subfield>
  </datafield>
  <datafield tag="505" ind1="0" ind2=" ">
    <subfield code="a">v. 1 :</subfield>
    <subfield code="g">2do. ciclo --</subfield>
    <subfield code="t">&#xC1;lgebra de matrices --</subfield>
    <subfield code="t">Sistemas de ecuaciones --</subfield>
    <subfield code="t">Sistemas de inecuaciones --</subfield>
    <subfield code="t">Funciones (I) --</subfield>
    <subfield code="t">La funci&#xF3;n exponencial --</subfield>
    <subfield code="t">La funci&#xF3;n logar&#xED;tmica --</subfield>
    <subfield code="t">Funciones trigonom&#xE9;tricas --</subfield>
    <subfield code="t">La recta en el plano --</subfield>
    <subfield code="t">Curvas de segundo grado --</subfield>
    <subfield code="t">Sucesiones y series --</subfield>
    <subfield code="t">Funciones (II) --</subfield>
    <subfield code="t">&#xC1;rea de figuras planas --</subfield>
    <subfield code="t">S&#xF3;lidos geom&#xE9;tricos --</subfield>
    <subfield code="t">Estad&#xED;stica --</subfield>
    <subfield code="t">Probabilidades --</subfield>
  </datafield>
  <datafield tag="505" ind1="0" ind2=" ">
    <subfield code="a">v. 2 :</subfield>
    <subfield code="g">2do. ciclo --</subfield>
    <subfield code="t">Vectores --</subfield>
    <subfield code="t">Transformaciones geom&#xE9;tricas --</subfield>
    <subfield code="t">sucesiones --</subfield>
    <subfield code="t">Trigonometr&#xED;a --</subfield>
    <subfield code="t">Funciones circulares --</subfield>
    <subfield code="t">N&#xFA;meros complejos --</subfield>
    <subfield code="t">An&#xE1;lisis combinatorio --</subfield>
    <subfield code="t">An&#xE1;lisis matem&#xE1;tico (I) --</subfield>
    <subfield code="t">An&#xE1;lisis matem&#xE1;tico (II) --</subfield>
    <subfield code="t">Introducci&#xF3;n al c&#xE1;lculo integral --</subfield>
    <subfield code="t">Por cientos y porcentajes --</subfield>
    <subfield code="t">Inter&#xE9;s y monto simple. Valor actual --</subfield>
    <subfield code="t">Inter&#xE9;s compuesto --</subfield>
    <subfield code="t">Estad&#xED;stica: concepto b&#xE1;sico --</subfield>
    <subfield code="t">Probabilidades --</subfield>
  </datafield>
  <datafield tag="700" ind1="1" ind2=" ">
    <subfield code="a">Alvarado, David</subfield>
    <subfield code="9">74255</subfield>
  </datafield>
  <datafield tag="700" ind1="1" ind2=" ">
    <subfield code="a">Garc&#xED;a Escobar, Obdulia de</subfield>
    <subfield code="e">dir. ed.</subfield>
    <subfield code="9">29220</subfield>
  </datafield>
  <datafield tag="700" ind1="1" ind2=" ">
    <subfield code="a">N&#xFA;&#xF1;ez, Ruddy</subfield>
    <subfield code="e">il.</subfield>
    <subfield code="9">23171</subfield>
  </datafield>
  <datafield tag="952" ind1=" " ind2=" ">
    <subfield code="0">0</subfield>
    <subfield code="1">0</subfield>
    <subfield code="7">1</subfield>
    <subfield code="8">PD</subfield>
    <subfield code="a">PD</subfield>
    <subfield code="b">PD</subfield>
    <subfield code="c">HD</subfield>
    <subfield code="d">2015-07-07</subfield>
    <subfield code="i">LF1</subfield>
    <subfield code="l">0</subfield>
    <subfield code="o">xxxx xxxx</subfield>
    <subfield code="p">46218-10</subfield>
    <subfield code="r">2020-06-25</subfield>
    <subfield code="w">2020-06-25</subfield>
    <subfield code="y">LFPD</subfield>
    <subfield code="Z">No se presta</subfield>
  </datafield>
  <datafield tag="999" ind1=" " ind2=" ">
    <subfield code="c">45707</subfield>
    <subfield code="d">45707</subfield>
  </datafield>
</record>
